| 000 | 00497nam a2200217Ia 4500 | ||
|---|---|---|---|
| 003 | OSt | ||
| 005 | 20220924113208.0 | ||
| 006 | a|||||r|||| 00| 0 | ||
| 007 | ta | ||
| 008 | 220923b |||||||| |||| 00| 0 eng d | ||
| 024 | _a16676 | ||
| 037 | _cDictionary | ||
| 040 |
_aARTS _cARTS _beng |
||
| 041 |
_2eng _aeng |
||
| 082 | _aU8, 41[M0] | ||
| 245 | 0 | _aTravels for peace | |
| 260 | _c1980 | ||
| 650 | _aGEOGRAPHY | ||
| 942 |
_hU8, 41[M0] _cdic _2cc |
||
| 999 |
_c389505 _d389505 |
||